02443nam a2200385Ia 450000500170000000800410001702000150005804100080007308200160008110000400009724500870013725000220022430000400024665000310028665000500031765000390036794200120040626400700041833600270048833700330051533800280054804000350057699900150061195201330062695201290075995201320088895201330102095201320115395201310128595201310141695201190154795201300166695201300179695201310192620220316235705.0121119s2002 ck a gr 000 0 spa  a95868327320 aspa04a658.15 D18G1 aDavila Ladrón de Guevara, Ricardo10aGestión financiera en empresas cooperativas cRicardo Davila Ladrón de Guevara aPrimera edición a231 páginasbilustracionesc28 cm14aGestión financiera2LEMB14aCooperativasxPlanficación financiera2LEMB14aAdministración cooperativa2LEMB 2ddccBK aSanta Fé de BogotábPontificia Universidad Javerianac[2002?] atextobtxt2rdacontent asin mediaciónbn2rdamedia avolumenbnc2rdacarrier aCO-BoRNBPbspaerdacCO-BoRNBP c1832d1832 00102ddc40708GENaMEGUAMALbMEGUAMALcGENd2023-03-24l0o658.15 D18gpGUA002716r2023-03-24 00:00:00tEj.1w2023-03-24yBK 00102ddc40708GENaMEDORADObMEDORADOcGENd2023-04-11o658.15 D18g pDOR02871r2023-04-11 00:00:00tEj.1w2023-04-11yBK 00102ddc40708GENaMEFTEORObMEFTEOROcGENd2023-05-23l0o658.15 D18gpFo0000812r2023-05-23 00:00:00tEj.1w2023-05-23yBK 00102ddc40708GENaMEPLLERASbMEPLLERAScGENd2023-06-16l0o658.15 D18gpPLL00704r2023-06-16 00:00:00tEj.1w2023-06-16yBK 00102ddc40708GENaMECUBARRbMECUBARRcGENd2023-08-11l0o658.15 D18g pCUB02802r2023-08-11 15:37:02tEj.1w2023-08-11yBK 00102ddc40708GENaMESMARTIbMESMARTIcGENd2023-08-11l0o658.15 D18gpSM001597r2023-08-11 20:42:23tEj.1w2023-08-11yBK 00102ddc40708GENaMEVHERMObMEVHERMOcGENd2023-10-05l0o658.15 D18gpVIS00850r2023-10-05 21:55:19tEj.1w2023-10-05yBK 00102ddc4070aMECUMARAbMECUMARAd2024-06-17l0o658.15D18gpCUM0564r2024-06-17 10:19:43tEj.1w2024-06-17yBK 00102ddc40708GENaMESGUARObMESGUAROcGENd2025-06-04l0o658.15 D18gpSG03225r2025-06-04 16:16:42tEj.1w2025-06-04yBK 00102ddc40708GENaMEBAUPIAbMEBAUPIAcGENd2025-07-08l0o658.15 D18GpBUP1758r2025-07-08 14:48:45tEj.1w2025-07-08yBK 00102ddc40708GENaMEPLOPEZbMEPLOPEZcGENd2025-07-22l0o658.15 D18GpPLZ02491r2025-07-22 10:18:45tEj.1w2025-07-22yBK